000 00336nam a22001337a 4500
008 180904b xxu||||| |||| 00| 0 eng d
020 _a9780781715522
041 _aeng
080 _a617
100 _a6
101 _aANA
245 _aAnesthesia For Genetic Metabolic Dysmorphic Syndromes Childhood
_cBAUM.V.C
942 _2udc
_cBK
999 _c47529
_d47529